Słupsk czy Koszalin? - Statystyki

Ogólne statystyki
  • Ten quiz został rozwiązany 212 razy
    208 od ostatniego zresetowania
  • Średni wynik to 9 z 15
Statystyki odpowiedzi
Zagadnienie Odpowiedź % Poprawnych
Leży w województwie Pomorskim Słupsk
95%
Jest większy pod względem ludności Koszalin
86%
Posiada park wodny Trzy Fale Słupsk
86%
Jest większy pod względem powierzchni Koszalin
80%
Jedną z dzielnic tego miasta to Ryczewo Słupsk
77%
Ma WIĘCEJ reustauracji Mc Donald's Koszalin
73%
Leży bliżej od Morza Bałtyckiego [W linii prostej,z rynku do wody] Koszalin
67%
Posiada WIĘCEJ przystanków kolejowych Koszalin
64%
Posiada dwie drogi szybkiego ruchu Koszalin
62%
Jest byłym miastem wojewódzkim Oba
62%
Ma papugarnie Koszalin
52%
Posiada autobusową linię nocną Słupsk
38%
Posiada bezpośrednie połączenie kolejowe z Darłowem Słupsk
38%
Graniczy z innym miastem Koszalin
37%
Dociera tu linia autobusowa PolTrans Oba
28%
Nie znaleziono quizów pasujących do podanych kryteriów
Rozkład punktacji
Procent ludzi z każdym wynikiem
Percentyl według liczby udzielonych odpowiedzi
Twoja historia wyników
Nie rozwiązałeś tego quizu od ostatniego zresetowania